Atraktívny interiér aj v konkurenčnom boji výhodou

Menia sa trendy v obchodoch; zákazníci sú čoraz náročnejší. Príjemné, čisté a atraktívne prostredie je pre návštevníkov príťažlivejšie a obchodné reťazce to dobre vedia. Rekonštrukcie ich predajní kopírujú tento smer. Dôležité poznatky pri zariaďovaní interiérov od odborníkov, problémy pri prestavbe...

Full description

Saved in:
Bibliographic Details
Main Author: Raševová, Kristína
Format: Book Chapter
Language:Slovak
Subjects:
Tags: Add Tag
No Tags, Be the first to tag this record!

MARC

LEADER 00000naa a2200000 4500
001 0249985
005 20200305092238.9
041 0 |a slo 
044 |a CZ 
245 1 0 |a Atraktívny interiér aj v konkurenčnom boji výhodou  |c Kristína Raševová 
520 |a Menia sa trendy v obchodoch; zákazníci sú čoraz náročnejší. Príjemné, čisté a atraktívne prostredie je pre návštevníkov príťažlivejšie a obchodné reťazce to dobre vedia. Rekonštrukcie ich predajní kopírujú tento smer. Dôležité poznatky pri zariaďovaní interiérov od odborníkov, problémy pri prestavbe. Riešenie osvetlenia ako špecifická súčasť realizácie interiérov. 
610 2 0 |a predajne 
610 2 0 |a vybavenosť pracoviska 
610 2 0 |a architektúra 
610 2 0 |a spokojnosť zákazníkov 
610 2 0 |a reťazce obchodné 
610 2 0 |a boj konkurenčný 
100 1 |a Raševová, Kristína